आधण आणि विसावण / (Record no. 70401)

MARC details
000 -LEADER
fixed length control field 01177nam a22002417a 4500
005 - DATE AND TIME OF LATEST TRANSACTION
control field 20120614170415.0
008 - FIXED-LENGTH DATA ELEMENTS--GENERAL INFORMATION
fixed length control field 081007t xxu||||| |||| 00| 0 mar d
010 ## - LCCN (DPL NO)
LC control number MAR-22630
020 ## - INTERNATIONAL STANDARD BOOK NUMBER
Terms of availability 150.00
035 ## - SYSTEM CONTROL NUMBER
System control number MR-15288
037 ## - SOURCE OF ACQUISITION
Source of stock number/acquisition D.B.Act /pub
082 ## - DEWEY DECIMAL CLASSIFICATION NUMBER
Classification number 891.46301
100 ## - MAIN ENTRY--PERSONAL NAME
9 (RLIN) 49115
Personal name पंडित, वैशाली
245 ## - TITLE STATEMENT
Title आधण आणि विसावण /
Statement of responsibility, etc वैशाली पंडित
246 ## - VARYING FORM OF TITLE
Remainder of title by Vaishali
Title proper/short title Andhan Aani Visavan
260 ## - PUBLICATION, DISTRIBUTION, ETC. (IMPRINT)
Place of publication, distribution, etc कोल्हापूर
Name of publisher, distributor, etc अभिनंदन प्रकाशन
Date of publication, distribution, etc 2012
270 ## - ADDRESS
City कोल्हापूर
Address 1495 ' बी ' इंदुमती अपार्टमेंट,गुलाब गल्ली,मंगळवार पेठ,
Postal code 416012
300 ## - PHYSICAL DESCRIPTION
Extent 136पृ.
Dimensions 22सेमी(अजिल्द)
650 ## - SUBJECT ADDED ENTRY--TOPICAL TERM
Topical term or geographic name as entry element मराठी कथासंग्रह
9 (RLIN) 52690
650 ## - SUBJECT ADDED ENTRY--TOPICAL TERM
Topical term or geographic name as entry element Marathi Short Stories
9 (RLIN) 52691
942 ## - ADDED ENTRY ELEMENTS (KOHA)
Source of classification or shelving scheme Dewey Decimal Classification
Item type Marathi Books
Call number suffix पंडित
Classification part 891.46301
Holdings
Withdrawn status Lost status Source of classification or shelving scheme Damaged status Not for loan Collection code Home library Current library Date acquired Source of acquisition Cost, normal purchase price Total Checkouts Full call number Barcode Date last seen Copy number Cost, replacement price Koha item type
    Dewey Decimal Classification   Not For Loan Fiction D.B.Act.Division D.B.Act.Division 27/09/2012 DBAD / PUB 150.00   891.46301 पंडित MR-15288 27/09/2012 1 150.00 Marathi Books

© Delhi Public Library
Hit Counter
free hit counter